<?xml version="1.0" encoding="UTF-8"?>
<record
    xmlns:xsi="http://www.w3.org/2001/XMLSchema-instance"
    xsi:schemaLocation="http://www.loc.gov/MARC21/slim http://www.loc.gov/standards/marcxml/schema/MARC21slim.xsd"
    xmlns="http://www.loc.gov/MARC21/slim">

  <leader>01996nam a22003137a 4500</leader>
  <controlfield tag="001">8551</controlfield>
  <controlfield tag="003">FISKH</controlfield>
  <controlfield tag="005">20251128101504.0</controlfield>
  <controlfield tag="008">250929b        cb ||||| |||| 00| 0 eng d</controlfield>
  <datafield tag="020" ind1=" " ind2=" ">
    <subfield code="a">9789995084813</subfield>
  </datafield>
  <datafield tag="040" ind1=" " ind2=" ">
    <subfield code="a">FISKH</subfield>
    <subfield code="b">khr</subfield>
    <subfield code="c">FISKH</subfield>
    <subfield code="d">FISKH</subfield>
  </datafield>
  <datafield tag="050" ind1=" " ind2=" ">
    <subfield code="a">PZ7</subfield>
  </datafield>
  <datafield tag="082" ind1=" " ind2=" ">
    <subfield code="a">590</subfield>
  </datafield>
  <datafield tag="100" ind1=" " ind2=" ">
    <subfield code="a">Sotheary, Kimsun </subfield>
  </datafield>
  <datafield tag="245" ind1=" " ind2=" ">
    <subfield code="a">&#x179F;&#x178F;&#x17D2;&#x179C;&#x178F;&#x17B6;&#x179C;&#x17C9;&#x17C5; : </subfield>
    <subfield code="b">Cuckoo / </subfield>
    <subfield code="c">&#x1793;&#x17B7;&#x1796;&#x1793;&#x17D2;&#x1792;&#x178A;&#x17C4;&#x1799; &#x17A2;&#x17D2;&#x1793;&#x1780;&#x179F;&#x17D2;&#x179A;&#x17B8; &#x1782;&#x17B9;&#x1798;&#x179F;&#x17CA;&#x17BB;&#x1793; &#x179F;&#x17BB;&#x1792;&#x17B6;&#x179A;&#x17B8; , &#x1796;&#x17B7;&#x1793;&#x17B7;&#x178F;&#x17D2;&#x1799;&#x1793;&#x17B7;&#x1784;&#x1780;&#x17C2;&#x17A2;&#x1780;&#x17D2;&#x1781;&#x179A;&#x17B6;&#x179C;&#x17B7;&#x179A;&#x17BB;&#x1791;&#x17D2;&#x1792;&#x178A;&#x17C4;&#x1799; &#x179B;&#x17C4;&#x1780; &#x179C;&#x17C9;&#x17B6;&#x1793;&#x17CB; &#x179F;&#x17BB;&#x1797;&#x17D0;&#x1780;&#x17D2;&#x179A;&#x17D2;&#x178F; &#x1793;&#x17B7;&#x1784; &#x1780;&#x1789;&#x17D2;&#x1789;&#x17B6; &#x17A0;&#x17C1;&#x1784;&#x200B; &#x1785;&#x179A;&#x17B7;&#x1799;&#x17B6; </subfield>
  </datafield>
  <datafield tag="260" ind1=" " ind2=" ">
    <subfield code="a">Phnom Penh : </subfield>
    <subfield code="b">Reading Books , </subfield>
    <subfield code="c">2006 . </subfield>
  </datafield>
  <datafield tag="300" ind1=" " ind2=" ">
    <subfield code="a">24 pages : </subfield>
    <subfield code="b">color illustrations ; </subfield>
    <subfield code="c">25 cm . </subfield>
  </datafield>
  <datafield tag="490" ind1=" " ind2=" ">
    <subfield code="a">&#x1796;&#x17B7;&#x1797;&#x1796;&#x179A;&#x17BF;&#x1784;&#x1793;&#x17B7;&#x1791;&#x17B6;&#x1793;</subfield>
  </datafield>
  <datafield tag="505" ind1=" " ind2=" ">
    <subfield code="a">K 
</subfield>
  </datafield>
  <datafield tag="520" ind1=" " ind2=" ">
    <subfield code="a">&#x1798;&#x17B6;&#x1793;&#x1794;&#x1784;&#x1794;&#x17D2;&#x17A2;&#x17BC;&#x1793;&#x1780;&#x17C6;&#x1796;&#x17D2;&#x179A;&#x17B6;&#x1796;&#x17B8;&#x179A;&#x1793;&#x17B6;&#x1780;&#x17CB; &#x178A;&#x17C2;&#x179B;&#x1794;&#x1784;&#x1794;&#x17D2;&#x179A;&#x17BB;&#x179F;&#x1787;&#x17B8;&#x1780;&#x178A;&#x17C6;&#x17A1;&#x17BC;&#x1784;&#x1795;&#x17D2;&#x17A2;&#x17C2;&#x1798;&#x178A;&#x17BE;&#x1798;&#x17D2;&#x1794;&#x17B8;&#x1787;&#x17B8;&#x179C;&#x1797;&#x17B6;&#x1796;&#x17D4; &#x1798;&#x17BD;&#x1799;&#x1790;&#x17D2;&#x1784;&#x17C3; &#x1794;&#x1784;&#x1794;&#x17D2;&#x179A;&#x17BB;&#x179F;&#x1791;&#x17C5;&#x1787;&#x17B8;&#x1780;&#x178A;&#x17C6;&#x17A1;&#x17BC;&#x1784;&#x17A0;&#x17BE;&#x1799;&#x1780;&#x17CF;&#x1794;&#x17B6;&#x1793;&#x1792;&#x17D2;&#x179B;&#x17B6;&#x1780;&#x17CB;&#x179A;&#x178E;&#x17D2;&#x178F;&#x17C5;&#x179F;&#x17D2;&#x179B;&#x17B6;&#x1794;&#x17CB;&#x17D4; &#x1794;&#x17D2;&#x17A2;&#x17BC;&#x1793;&#x179F;&#x17D2;&#x179A;&#x17B8;&#x178F;&#x17BC;&#x1785;&#x1794;&#x17B6;&#x1793;&#x179F;&#x17D2;&#x179C;&#x17C2;&#x1784;&#x179A;&#x1780;&#x1794;&#x1784;&#x1796;&#x17B8;&#x1796;&#x17D2;&#x179A;&#x17C3;&#x1798;&#x17BD;&#x1799;&#x1791;&#x17C5;&#x1796;&#x17D2;&#x179A;&#x17C3;&#x1798;&#x17BD;&#x1799; &#x179A;&#x17A0;&#x17BC;&#x178F;&#x1793;&#x17B6;&#x1784;&#x179F;&#x17D2;&#x179B;&#x17B6;&#x1794;&#x17CB; &#x17A0;&#x17BE;&#x1799;&#x1794;&#x17B6;&#x1793;&#x1780;&#x17BE;&#x178F;&#x1787;&#x17B6;&#x179F;&#x178F;&#x17D2;&#x179C;&#x178F;&#x17B6;&#x179C;&#x17C9;&#x17C5; &#x17D4; </subfield>
  </datafield>
  <datafield tag="520" ind1=" " ind2=" ">
    <subfield code="a">There were two orphan sibling, where the brother dig up sweet potatoes for living. One day, the brother fell in the ground and died; his little sister kept searching for him from woods to woods and passed away and was reborn as a cockoo.
.</subfield>
  </datafield>
  <datafield tag="521" ind1="8" ind2=" ">
    <subfield code="a">510&#x200B;
</subfield>
    <subfield code="b">Lexile estimate 
</subfield>
  </datafield>
  <datafield tag="521" ind1="8" ind2=" ">
    <subfield code="a">K 
</subfield>
    <subfield code="b">Raz-Plus 
</subfield>
  </datafield>
  <datafield tag="650" ind1=" " ind2=" ">
    <subfield code="a">&#x179F;&#x178F;&#x17D2;&#x179C;&#x178F;&#x17B6;&#x179C;&#x17C9;&#x17C5;</subfield>
    <subfield code="v">&#x179A;&#x17BF;&#x1784;&#x1793;&#x17B7;&#x1791;&#x17B6;&#x1793;&#x1780;&#x17BB;&#x1798;&#x17B6;&#x179A;</subfield>
  </datafield>
  <datafield tag="650" ind1=" " ind2=" ">
    <subfield code="a">Cuckoo</subfield>
    <subfield code="v">Children's stories </subfield>
  </datafield>
  <datafield tag="700" ind1=" " ind2=" ">
    <subfield code="a">Lyda, Moeuk</subfield>
    <subfield code="e">Illustrator </subfield>
  </datafield>
  <datafield tag="942" ind1=" " ind2=" ">
    <subfield code="2">ddc</subfield>
    <subfield code="c">KHB</subfield>
    <subfield code="n">0</subfield>
  </datafield>
  <datafield tag="999" ind1=" " ind2=" ">
    <subfield code="c">8551</subfield>
    <subfield code="d">8551</subfield>
  </datafield>
  <datafield tag="952" ind1=" " ind2=" ">
    <subfield code="0">0</subfield>
    <subfield code="1">0</subfield>
    <subfield code="2">ddc</subfield>
    <subfield code="4">0</subfield>
    <subfield code="7">0</subfield>
    <subfield code="8">Khmer-English Bilingual </subfield>
    <subfield code="a">002</subfield>
    <subfield code="b">002</subfield>
    <subfield code="c">TTP Khmer</subfield>
    <subfield code="d">2025-09-29</subfield>
    <subfield code="l">0</subfield>
    <subfield code="o">SOT PZ7 590 </subfield>
    <subfield code="p">FIS04054</subfield>
    <subfield code="r">2025-09-29 12:39:17</subfield>
    <subfield code="t">1</subfield>
    <subfield code="w">2025-09-29</subfield>
    <subfield code="y">KHB</subfield>
  </datafield>
  <datafield tag="952" ind1=" " ind2=" ">
    <subfield code="0">0</subfield>
    <subfield code="1">0</subfield>
    <subfield code="2">ddc</subfield>
    <subfield code="4">0</subfield>
    <subfield code="7">0</subfield>
    <subfield code="8">Khmer-English Bilingual </subfield>
    <subfield code="a">002</subfield>
    <subfield code="b">001</subfield>
    <subfield code="c">TTP Khmer</subfield>
    <subfield code="d">2025-10-09</subfield>
    <subfield code="l">1</subfield>
    <subfield code="m">1</subfield>
    <subfield code="o">SOT PZ7 590 </subfield>
    <subfield code="p">FISBK03869</subfield>
    <subfield code="r">2025-12-01 10:15:42</subfield>
    <subfield code="s">2025-11-10</subfield>
    <subfield code="t">2</subfield>
    <subfield code="w">2025-10-09</subfield>
    <subfield code="y">KHB</subfield>
  </datafield>
  <datafield tag="952" ind1=" " ind2=" ">
    <subfield code="0">0</subfield>
    <subfield code="1">0</subfield>
    <subfield code="2">ddc</subfield>
    <subfield code="4">0</subfield>
    <subfield code="7">0</subfield>
    <subfield code="8">Khmer-English Bilingual </subfield>
    <subfield code="a">002</subfield>
    <subfield code="b">002</subfield>
    <subfield code="c">TTP Khmer</subfield>
    <subfield code="d">2025-09-29</subfield>
    <subfield code="l">0</subfield>
    <subfield code="o">SOT PZ7 590 </subfield>
    <subfield code="p">FIS04065</subfield>
    <subfield code="r">2025-11-28 10:15:50</subfield>
    <subfield code="t">3</subfield>
    <subfield code="w">2025-09-29</subfield>
    <subfield code="y">KHB</subfield>
  </datafield>
</record>
